| 000 | 00665nam a22002177a 4500 | ||
|---|---|---|---|
| 003 | LK-CoDNM | ||
| 005 | 20241015115750.0 | ||
| 008 | 241015b |||||||| |||| 00| 0 eng d | ||
| 040 |
_aLK-CoDNM _dLK-CoDNM _eLK-CoDNM |
||
| 041 | _asin | ||
| 080 |
_aප්ර න _b3.10 |
||
| 100 | _aඋඩකැන්දවල සිරි සරණංකර | ||
| 245 |
_aනව ලෝකය _b1 කාණ්ඩය 2,5, 9 කලාප _c1941 |
||
| 246 | _aNAVALOKAYA | ||
| 260 | _bPITAKUTUWA | ||
| 300 | _a63P. : 27 CM | ||
| 650 | _aඋඩකැන්දවල සිරි සරණංකර | ||
| 650 | _aනව ලෝකය | ||
| 650 | _a1941 | ||
| 942 | _cBK | ||
| 999 |
_c219561 _d219561 |
||